Các phương pháp thiết kế lỗ hình trục cán

Đã lưu trong:
Bibliografiske detaljer
Hovedforfatter: PHAN VĂN HẠ
Format: Bog
Sprog:Undetermined
Udgivet: KHKT
Tags: Tilføj Tag
Ingen Tags, Vær først til at tagge denne postø!
Thư viện lưu trữ: Trung tâm Học liệu Trường Đại học Cần Thơ
LEADER 00397nam a2200133Ia 4500
001 CTU_45260
008 210402s9999 xx 000 0 und d
082 |a 621.82 
082 |b H100 
100 |a PHAN VĂN HẠ 
245 0 |a Các phương pháp thiết kế lỗ hình trục cán 
245 0 |c PHAN VĂN HẠ 
260 |b KHKT 
980 |a Trung tâm Học liệu Trường Đại học Cần Thơ